Normal view MARC view
  • Bosnia and Herzegovina

Entry Geographic Name

Number of records used in: 2

001 - CONTROL NUMBER

  • control field: 3078

003 - CONTROL NUMBER IDENTIFIER

  • control field: OSt

005 - DATE AND TIME OF LATEST TRANSACTION

  • control field: 20170511085742.0

008 - FIXED-LENGTH DATA ELEMENTS

  • fixed length control field: 170511|| aca||aabn | a|a d

040 ## - CATALOGING SOURCE

  • Original cataloging agency: OSt
  • Transcribing agency: OSt

151 ## - HEADING--GEOGRAPHIC NAME

  • Geographic name: Bosnia and Herzegovina
  • General subdivision: Politics and government

670 ## - SOURCE DATA FOUND

  • Source citation: Work cat.: (OSt)0: Mohd. Najib Tun Haji Abdul Razak, Dato' Sri, 1953- 528, For the sake of peace :, 1996
Pusat Sumber Maklumat Dato' Haji Sarmin Md Hussin, Akademi Kastam Diraja Malaysia, Melaka
Tel: 06-2331106 | Faks: 06-2313787